000 00403nam a2200145Ia 4500
008 230917s9999||||xx |||||||||||||| ||und||
040 _e27359
_aMAIN
041 _aEnglish
082 _a660.6024576 G469M
100 _aGlazer, Alexander, N
245 0 _aMicrobial biolechnology : Fundamentals of applied microbiology
260 _aNew York
_bW H Freeman
_c1995
300 _axviii, 662 p.
942 _cBK
999 _c97118
_d97118